<?xml version="1.0" encoding="UTF-8"?>
<record
    xmlns:xsi="http://www.w3.org/2001/XMLSchema-instance"
    xsi:schemaLocation="http://www.loc.gov/MARC21/slim http://www.loc.gov/standards/marcxml/schema/MARC21slim.xsd"
    xmlns="http://www.loc.gov/MARC21/slim">

  <leader>00754nam a2200169   4500</leader>
  <controlfield tag="005">20240404114529.0</controlfield>
  <controlfield tag="008">240404b        |||||||| |||| 00| 0 eng d</controlfield>
  <datafield tag="082" ind1=" " ind2=" ">
    <subfield code="a">297.030</subfield>
    <subfield code="b">TAH-Q</subfield>
  </datafield>
  <datafield tag="100" ind1=" " ind2=" ">
    <subfield code="a">Muhammad Tahir Qadri</subfield>
  </datafield>
  <datafield tag="245" ind1=" " ind2=" ">
    <subfield code="a">Quranic Encyclopedia :</subfield>
    <subfield code="b">Majmoah Mazameen-e- Quran /</subfield>
    <subfield code="c">Muhammad Tahir Qadri .</subfield>
  </datafield>
  <datafield tag="260" ind1=" " ind2=" ">
    <subfield code="a">Pakistan :</subfield>
    <subfield code="b">Minhaj ul Quran Publications ;</subfield>
    <subfield code="c">2018 .</subfield>
  </datafield>
  <datafield tag="300" ind1=" " ind2=" ">
    <subfield code="a"> v-1 (814 p.), v-2 (1643 p.), v-3 (2460 p.), v-4 (3290 p,), v-5 (4118 p.), v-6 (4946 p.), v-7 (5772 p.), v-8 (6603 p.), :</subfield>
    <subfield code="c">24 cm .</subfield>
  </datafield>
  <datafield tag="500" ind1=" " ind2=" ">
    <subfield code="a">1-Set of 8 Volumes.
2- v-1 (814 p.), v-2 (1643 p.), v-3 (2460 p.), v-4 (3290 p,), v-5 (4118 p.), v-6 (4946 p.), v-7 (5772 p.), v-8 (6603 p.)</subfield>
  </datafield>
  <datafield tag="650" ind1=" " ind2=" ">
    <subfield code="a">Literature / Islamic</subfield>
  </datafield>
  <datafield tag="650" ind1=" " ind2=" ">
    <subfield code="a">Encyclopedia</subfield>
  </datafield>
  <datafield tag="999" ind1=" " ind2=" ">
    <subfield code="c">35529</subfield>
    <subfield code="d">35529</subfield>
  </datafield>
  <datafield tag="952" ind1=" " ind2=" ">
    <subfield code="0">0</subfield>
    <subfield code="1">0</subfield>
    <subfield code="4">0</subfield>
    <subfield code="7">0</subfield>
    <subfield code="8">Literature</subfield>
    <subfield code="a">SIRC</subfield>
    <subfield code="b">SIRC</subfield>
    <subfield code="c">Literature / Islamic</subfield>
    <subfield code="d">2024-04-04</subfield>
    <subfield code="l">1</subfield>
    <subfield code="o">287.030 TAH-Q 2018</subfield>
    <subfield code="p">29243</subfield>
    <subfield code="q">2027-01-21</subfield>
    <subfield code="r">2024-04-26</subfield>
    <subfield code="s">2024-04-26</subfield>
    <subfield code="w">2024-04-04</subfield>
    <subfield code="y">BK</subfield>
    <subfield code="Y">BK</subfield>
  </datafield>
  <datafield tag="952" ind1=" " ind2=" ">
    <subfield code="0">0</subfield>
    <subfield code="1">0</subfield>
    <subfield code="4">0</subfield>
    <subfield code="7">0</subfield>
    <subfield code="8">Literature</subfield>
    <subfield code="a">SIRC</subfield>
    <subfield code="b">SIRC</subfield>
    <subfield code="c">Literature / Islamic</subfield>
    <subfield code="d">2024-04-04</subfield>
    <subfield code="l">1</subfield>
    <subfield code="o">287.030 TAH-Q 2018</subfield>
    <subfield code="p">29244</subfield>
    <subfield code="q">2027-01-21</subfield>
    <subfield code="r">2024-04-26</subfield>
    <subfield code="s">2024-04-26</subfield>
    <subfield code="w">2024-04-04</subfield>
    <subfield code="y">BK</subfield>
    <subfield code="Y">BK</subfield>
  </datafield>
  <datafield tag="952" ind1=" " ind2=" ">
    <subfield code="0">0</subfield>
    <subfield code="1">0</subfield>
    <subfield code="4">0</subfield>
    <subfield code="7">0</subfield>
    <subfield code="8">Literature</subfield>
    <subfield code="a">SIRC</subfield>
    <subfield code="b">SIRC</subfield>
    <subfield code="c">Literature / Islamic</subfield>
    <subfield code="d">2024-04-04</subfield>
    <subfield code="l">1</subfield>
    <subfield code="o">287.030 TAH-Q 2018</subfield>
    <subfield code="p">29245</subfield>
    <subfield code="q">2027-01-21</subfield>
    <subfield code="r">2024-04-26</subfield>
    <subfield code="s">2024-04-26</subfield>
    <subfield code="w">2024-04-04</subfield>
    <subfield code="y">BK</subfield>
    <subfield code="Y">BK</subfield>
  </datafield>
  <datafield tag="952" ind1=" " ind2=" ">
    <subfield code="0">0</subfield>
    <subfield code="1">0</subfield>
    <subfield code="4">0</subfield>
    <subfield code="7">0</subfield>
    <subfield code="8">Literature</subfield>
    <subfield code="a">SIRC</subfield>
    <subfield code="b">SIRC</subfield>
    <subfield code="c">Literature / Islamic</subfield>
    <subfield code="d">2024-04-04</subfield>
    <subfield code="l">1</subfield>
    <subfield code="o">287.030 TAH-Q 2018</subfield>
    <subfield code="p">29246</subfield>
    <subfield code="q">2027-01-21</subfield>
    <subfield code="r">2024-04-26</subfield>
    <subfield code="s">2024-04-26</subfield>
    <subfield code="w">2024-04-04</subfield>
    <subfield code="y">BK</subfield>
    <subfield code="Y">BK</subfield>
  </datafield>
  <datafield tag="952" ind1=" " ind2=" ">
    <subfield code="0">0</subfield>
    <subfield code="1">0</subfield>
    <subfield code="4">0</subfield>
    <subfield code="7">0</subfield>
    <subfield code="8">Literature</subfield>
    <subfield code="a">SIRC</subfield>
    <subfield code="b">SIRC</subfield>
    <subfield code="c">Literature / Islamic</subfield>
    <subfield code="d">2024-04-04</subfield>
    <subfield code="l">1</subfield>
    <subfield code="o">287.030 TAH-Q 2018</subfield>
    <subfield code="p">29247</subfield>
    <subfield code="q">2027-01-21</subfield>
    <subfield code="r">2024-04-26</subfield>
    <subfield code="s">2024-04-26</subfield>
    <subfield code="w">2024-04-04</subfield>
    <subfield code="y">BK</subfield>
    <subfield code="Y">BK</subfield>
  </datafield>
  <datafield tag="952" ind1=" " ind2=" ">
    <subfield code="0">0</subfield>
    <subfield code="1">0</subfield>
    <subfield code="4">0</subfield>
    <subfield code="7">0</subfield>
    <subfield code="8">Literature</subfield>
    <subfield code="a">SIRC</subfield>
    <subfield code="b">SIRC</subfield>
    <subfield code="c">Literature / Islamic</subfield>
    <subfield code="d">2024-04-04</subfield>
    <subfield code="l">1</subfield>
    <subfield code="o">287.030 TAH-Q 2018</subfield>
    <subfield code="p">29248</subfield>
    <subfield code="q">2027-01-21</subfield>
    <subfield code="r">2024-04-26</subfield>
    <subfield code="s">2024-04-26</subfield>
    <subfield code="w">2024-04-04</subfield>
    <subfield code="y">BK</subfield>
    <subfield code="Y">BK</subfield>
  </datafield>
  <datafield tag="952" ind1=" " ind2=" ">
    <subfield code="0">0</subfield>
    <subfield code="1">0</subfield>
    <subfield code="4">0</subfield>
    <subfield code="7">0</subfield>
    <subfield code="8">Literature</subfield>
    <subfield code="a">SIRC</subfield>
    <subfield code="b">SIRC</subfield>
    <subfield code="c">Literature / Islamic</subfield>
    <subfield code="d">2024-04-04</subfield>
    <subfield code="l">1</subfield>
    <subfield code="o">287.030 TAH-Q 2018</subfield>
    <subfield code="p">29249</subfield>
    <subfield code="q">2027-01-21</subfield>
    <subfield code="r">2024-04-26</subfield>
    <subfield code="s">2024-04-26</subfield>
    <subfield code="w">2024-04-04</subfield>
    <subfield code="y">BK</subfield>
    <subfield code="Y">BK</subfield>
  </datafield>
  <datafield tag="952" ind1=" " ind2=" ">
    <subfield code="0">0</subfield>
    <subfield code="1">0</subfield>
    <subfield code="4">0</subfield>
    <subfield code="7">0</subfield>
    <subfield code="8">Literature</subfield>
    <subfield code="a">SIRC</subfield>
    <subfield code="b">SIRC</subfield>
    <subfield code="c">Literature / Islamic</subfield>
    <subfield code="d">2024-04-04</subfield>
    <subfield code="l">1</subfield>
    <subfield code="o">287.030 TAH-Q 2018</subfield>
    <subfield code="p">29250</subfield>
    <subfield code="q">2027-01-21</subfield>
    <subfield code="r">2024-04-26</subfield>
    <subfield code="s">2024-04-26</subfield>
    <subfield code="w">2024-04-04</subfield>
    <subfield code="y">BK</subfield>
    <subfield code="Y">BK</subfield>
  </datafield>
</record>
